000 00296nam a22001337a 4500
008 180227b xxu||||| |||| 00| 0 eng d
020 _a9781437708554
041 _aeng
080 _22nd
_a616.31
100 _a5
101 _aSTO
245 _aDental materials
_cHatrick,C.D
942 _2udc
_cBK
999 _c43616
_d43616